000 00647cab a2200241 4500
001 WB3044-10
008 090401t1994 xxu||||| |||| 00| 0 eng d
035 _a(Sirsi) u10164
041 _aeng
245 _aFood parks
260 _c1994
350 _a0
490 _aScotsman
_v22 November 1994, 35(1)
520 _aDiscusses the growing trend in Scotland for food parks, developments specifically designed for food producers.
650 _aEDINBURGH
650 _aFOOD PARKS
650 _aGLENROTHES
650 _aLANARKSHIRE
650 _aMOTHERWELL
690 _aPROPERTY-COMMERCIAL PROPERTY
942 _n0
948 _c04/03/1997
999 _c6389
_d6389